[Event "8th Sunway Sitges 2021"]
[Site "Sitges ESP"]
[Date "2021.12.15"]
[Round "3.62"]
[White "Tarigan, Gilbert Elroy"]
[Black "Roebers, Eline"]
[Result "1/2-1/2"]
[WhiteTitle "IM"]
[WhiteElo "2149"]
[BlackElo "2365"]
[WhiteFideId "7108133"]
[BlackFideId "1058401"]
[EventDate "2021.12.13"]

1. d4 d5 2. c4 c6 3. Nc3 Nf6 4. Nf3 e6 5. cxd5 exd5 6. Bg5 h6 7. Bh4 Be7 8. e3
Bf5 9. Bd3 Bxd3 10. Qxd3 Nbd7 11. O-O O-O 12. Rab1 a5 13. Qc2 Re8 14. a3 Nb6 15.
Nd2 g5 16. Bg3 Nh5 17. Ne2 a4 18. Be5 Nd7 19. Ng3 Nxe5 20. Nxh5 Ng4 21. Nf3 Nf6
22. Ng3 Bf8 23. Ne5 c5 24. f4 cxd4 25. exd4 Qb6 26. Kh1 g4 27. Nf5 h5 28. Qf2
Qe6 29. Ne3 Ne4 30. Qh4 Qh6 31. Nxd5 Rad8 32. Rbe1 Rxd5 33. Rxe4 Red8 34. Qf2 f5
35. Ree1 Rxd4 36. Qc2 Qh7 37. Qb1 R8d5 38. Qa2 Kh8 39. Rc1 Bc5 40. Rxc5 Rxc5 41.
Qe6 Rcd5 42. Qe8+ Qg8 43. Qxh5+ Qh7 44. Qe8+ Qg8 45. Qh5+ Qh7 46. Qe8+ Qg8 47.
Ng6+ Kg7 48. Qxg8+ Kxg8 49. Ne7+ Kg7 50. Nxd5 Rxd5 51. Kg1 Rd2 52. Rf2 Rd1+ 53.
Rf1 Rd2 1/2-1/2

[Event "8th Sunway Sitges 2021"]
[Site "Sitges ESP"]
[Date "2021.12.15"]
[Round "3.63"]
[White "Sidhant, Mohapatra"]
[Black "Webb, Laurence E"]
[Result "1/2-1/2"]
[WhiteTitle "IM"]
[BlackTitle "FM"]
[WhiteElo "2360"]
[BlackElo "2133"]
[WhiteFideId "5028698"]
[BlackFideId "402389"]
[EventDate "2021.12.13"]

1. Nf3 Nf6 2. d4 c5 3. d5 g6 4. Nc3 Bg7 5. e4 d6 6. Bb5+ Bd7 7. a4 O-O 8. O-O
Bxb5 9. axb5 Nbd7 10. Qe2 Ne8 11. h4 Nc7 12. h5 a6 13. bxa6 Rxa6 14. Rxa6 bxa6
15. Nd1 Qb8 16. Bg5 Re8 17. hxg6 hxg6 18. c3 e6 19. dxe6 Nxe6 20. Qxa6 Nxg5 21.
Nxg5 Bh6 22. Nf3 Rxe4 23. Qc6 Re7 24. Re1 Rxe1+ 25. Nxe1 Qe8 26. Nf3 Qe6 27. g3
d5 28. Qxe6 fxe6 29. b3 Kf7 30. Kf1 Ke7 31. Ke2 Kd6 32. c4 Ne5 33. Nxe5 Kxe5 34.
Kd3 Kd6 35. f3 Bg5 36. Nc3 Bf6 37. Ne2 Be5 38. Ke3 Ke7 39. f4 Bc7 40. Nc1 Kf6
41. Nd3 Bd6 42. Kf3 g5 43. Kg4 gxf4 44. gxf4 Kg6 45. Nf2 Kf6 46. Nd3 Kg6 47. Ne1
Kf6 48. Kf3 dxc4 49. bxc4 e5 50. fxe5+ Kxe5 1/2-1/2

[Event "8th Sunway Sitges 2021"]
[Site "Sitges ESP"]
[Date "2021.12.15"]
[Round "3.64"]
[White "Meister, Peter"]
[Black "Alvarez Albiol, Victor"]
[Result "1-0"]
[WhiteTitle "IM"]
[WhiteElo "2359"]
[BlackElo "2130"]
[WhiteFideId "4600207"]
[BlackFideId "32065930"]
[EventDate "2021.12.13"]

1. d4 Nf6 2. Nf3 c5 3. d5 g6 4. Nc3 Bg7 5. d6 O-O 6. Bf4 exd6 7. Bxd6 Re8 8.
Bxc5 Qa5 9. Bd4 Nc6 10. e3 Nxd4 11. Nxd4 Ne4 12. Qd3 Qb4 13. Rd1 d5 14. Qb5 Qxb5
15. Ncxb5 Re7 16. c3 a6 17. Na3 Nd6 18. Be2 b5 19. Nc6 Rc7 20. Nb4 Bb7 21. Bf3
Nc4 22. Nxd5 Bxd5 23. Bxd5 Rb8 24. Nxc4 bxc4 25. Rd2 Rc5 26. Ke2 Rcb5 27. Bxc4
Rxb2 28. Rd1 Bxc3 29. Rxb2 Rxb2+ 30. Kf3 Bd2 31. g4 h6 32. h4 Kg7 33. g5 hxg5
34. hxg5 f6 35. gxf6+ Kxf6 36. Ke4 a5 37. f4 g5 38. f5 Ke7 39. Rg1 Kf6 40. Rh1
Rb4 41. Rh6+ Kg7 42. Rg6+ Kf8 43. Rc6 Rb8 44. f6 Re8+ 45. Be6 g4 46. Kf5 Rb8 47.
Rc7 Bxe3 48. Rh7 Rb5+ 49. Ke4 1-0

[Event "8th Sunway Sitges 2021"]
[Site "Sitges ESP"]
[Date "2021.12.15"]
[Round "3.65"]
[White "Ruiz Buendia, Miguel"]
[Black "Ervan, Mohamad"]
[Result "0-1"]
[BlackTitle "IM"]
[WhiteElo "2141"]
[BlackElo "2356"]
[WhiteFideId "24537675"]
[BlackFideId "7102135"]
[EventDate "2021.12.13"]

1. e4 c5 2. Nf3 d6 3. d4 cxd4 4. Nxd4 Nf6 5. Nc3 Nc6 6. Bg5 e6 7. Qd2 a6 8.
O-O-O Bd7 9. Kb1 b5 10. f3 Be7 11. h4 h6 12. Nxc6 Bxc6 13. Be3 d5 14. e5 Nd7 15.
Bf4 Bxh4 16. g4 Rg8 17. Ne2 Be7 18. Nd4 Qc7 19. Qc3 Rc8 20. Qd3 Nc5 21. Qh7 Kd7
22. Bd3 Qd8 23. c4 bxc4 24. Bxc4 Bb7 25. Nf5 Qf8 26. Ne3 Ke8 27. Nxd5 exd5 28.
Bxd5 Bxd5 29. Rxd5 g5 30. Qf5 Ne6 31. Qd3 Qg7 32. Qxa6 Qg6+ 33. Ka1 Qc2 34. Be3
Kf8 35. a3 Rb8 36. Rd2 Qb3 37. Ba7 Ra8 38. Rxh6 Qxf3 39. Rd7 Nc5 40. Bxc5 Rxa6
41. Rf6 Rxf6 42. exf6 Qxf6 0-1

[Event "8th Sunway Sitges 2021"]
[Site "Sitges ESP"]
[Date "2021.12.15"]
[Round "3.66"]
[White "Peist, Juergen"]
[Black "Heredia Serrano, Carla"]
[Result "0-1"]
[WhiteTitle "FM"]
[BlackTitle "WGM"]
[WhiteElo "2351"]
[BlackElo "2121"]
[WhiteFideId "4606019"]
[BlackFideId "3603687"]
[EventDate "2021.12.13"]

1. d4 d5 2. c4 c6 3. Nc3 Nf6 4. e3 g6 5. Nf3 Bg7 6. Bd3 O-O 7. O-O dxc4 8. Bxc4
Bg4 9. h3 Bxf3 10. Qxf3 Nbd7 11. Rd1 e5 12. Bb3 Qc7 13. Bd2 Rad8 14. Rac1 Nb6
15. dxe5 Qxe5 16. e4 Rxd2 17. Rxd2 Bh6 18. Rcd1 Bxd2 19. Rxd2 Qg5 20. Re2 Nfd7
21. Re3 Ne5 22. Qe2 Rd8 23. g3 Rd2 24. Qxd2 Nf3+ 25. Rxf3 Qxd2 26. Rxf7 Qc1+ 27.
Kg2 c5 28. Be6 Kh8 29. Rxb7 Qxb2 30. Nd1 Qe5 31. Bg4 c4 32. Ne3 c3 33. Bd1 Nc4
34. Nxc4 Qxe4+ 35. Bf3 Qxc4 0-1

[Event "8th Sunway Sitges 2021"]
[Site "Sitges ESP"]
[Date "2021.12.15"]
[Round "3.67"]
[White "Dukic, Zachary"]
[Black "Zadruzny, Nicolaj"]
[Result "1/2-1/2"]
[BlackTitle "FM"]
[WhiteElo "2140"]
[BlackElo "2348"]
[WhiteFideId "2617188"]
[BlackFideId "1709550"]
[EventDate "2021.12.13"]

1. e4 e5 2. Nf3 Nc6 3. d4 exd4 4. Nxd4 Nf6 5. Nxc6 bxc6 6. e5 Qe7 7. Qe2 Nd5 8.
h4 f6 9. c4 Ba6 10. Rh3 Nb6 11. exf6 Qxe2+ 12. Bxe2 Bxc4 13. Re3+ Kd8 14. fxg7
Bxg7 15. Na3 Be6 16. Re4 a5 17. Nc4 Kc8 18. Nxb6+ cxb6 19. Bg4 Re8 20. Bxe6 Rxe6
21. Rxe6 dxe6 22. Ke2 a4 23. Rb1 c5 24. Kd3 Kd7 25. Ke4 Kc6 26. g4 Rd8 27. Be3
c4 28. Rc1 Kb5 29. Rc2 a3 30. bxa3 c3 31. Rc1 Ka4 32. Bxb6 Rd2 33. Be3 Rxa2 34.
Bd4 Bxd4 35. Kxd4 Rxf2 36. Rxc3 Rf4+ 37. Ke5 Rxg4 38. Rh3 h5 39. Kxe6 Ka5 40.
Kd5 Ka4 41. Ke5 1/2-1/2

[Event "8th Sunway Sitges 2021"]
[Site "Sitges ESP"]
[Date "2021.12.15"]
[Round "3.68"]
[White "Grebeniuk, Semen"]
[Black "Ayza Ballester, Jordi"]
[Result "0-1"]
[BlackTitle "FM"]
[WhiteElo "2346"]
[BlackElo "2113"]
[WhiteFideId "14117509"]
[BlackFideId "2200554"]
[EventDate "2021.12.13"]

1. d4 d5 2. Nf3 Nf6 3. Bf4 c6 4. e3 Bf5 5. Be2 e6 6. O-O Nbd7 7. h3 Be7 8. c4
dxc4 9. Bxc4 O-O 10. Nc3 b5 11. Bb3 b4 12. Na4 c5 13. Qe2 Be4 14. Rfd1 Qa5 15.
Nd2 Bb7 16. Nc4 Qa6 17. Nxc5 Nxc5 18. dxc5 Bxc5 19. Bd6 Bxd6 20. Rxd6 Qb5 21. f3
Bd5 22. e4 Ne8 23. exd5 Nxd6 24. dxe6 Rfe8 25. exf7+ Nxf7 26. Qf2 Kh8 27. Rd1
Re7 28. Qh4 Rae8 29. Bc2 h6 30. Bg6 Qc5+ 31. Kf1 Rf8 32. Nd6 Ng5 33. Nf5 Re6 34.
Nxh6 Rxg6 35. Ng4+ Kg8 36. Re1 Re6 37. Rd1 Nf7 38. Qg3 Qg5 39. h4 Qb5+ 40. Kg1
Qe2 41. Rc1 Ne5 42. Rc7 Nxg4 43. Qxg4 Qe1+ 44. Kh2 Qe5+ 45. Kh3 Qxc7 46. Qxe6+
Qf7 0-1

[Event "8th Sunway Sitges 2021"]
[Site "Sitges ESP"]
[Date "2021.12.15"]
[Round "3.69"]
[White "Halmeenmaki, Tuomo"]
[Black "Pogorelov, Ruslan"]
[Result "1/2-1/2"]
[BlackTitle "GM"]
[WhiteElo "2128"]
[BlackElo "2345"]
[WhiteFideId "502774"]
[BlackFideId "14100363"]
[EventDate "2021.12.13"]

1. c4 c5 2. Nf3 Nc6 3. g3 g6 4. Bg2 Bg7 5. O-O e5 6. Nc3 Nge7 7. d3 O-O 8. a3 d6
9. Rb1 a5 10. Bd2 h6 11. Ne1 Be6 12. Nd5 Bxd5 13. cxd5 Nd4 14. a4 h5 15. e3 Ndf5
16. Nc2 Nh6 17. Na3 Nc8 18. Nc4 b6 19. Bc3 Ra7 20. Qd2 Re7 21. Rbe1 h4 22. e4
hxg3 23. fxg3 f5 24. Qg5 Kh7 25. Bd2 Ref7 26. Qxd8 Rxd8 27. Bh3 Rdf8 28. Rf2 Ng4
29. Bxg4 fxg4 30. Ref1 Rxf2 31. Rxf2 Rxf2 32. Kxf2 Bh6 33. Be3 Kg7 34. Ke2 g5
35. Kd2 Kg6 36. Kc3 Bf8 37. Bf2 Be7 38. Na3 Na7 39. Kc4 Bd8 40. Nb5 Nc8 41. Nc3
Na7 42. Nd1 Be7 43. Ne3 Kh5 44. Bg1 Bf8 45. Nc2 Be7 46. b4 axb4 47. Nxb4 cxb4
48. Bxb6 Nc8 49. a5 Kg6 50. Kxb4 Kf7 51. Kb5 Ke8 52. Kc6 Bd8 53. Bxd8 Kxd8 54.
Kb7 Kd7 55. Kb8 Kd8 56. Kb7 Kd7 57. Kb8 Kd8 58. Kb7 1/2-1/2

[Event "8th Sunway Sitges 2021"]
[Site "Sitges ESP"]
[Date "2021.12.15"]
[Round "3.70"]
[White "Padmini, Rout"]
[Black "Ezquerro Luque, Albert"]
[Result "1-0"]
[WhiteTitle "IM"]
[WhiteElo "2345"]
[BlackElo "2112"]
[WhiteFideId "5029295"]
[BlackFideId "2276682"]
[EventDate "2021.12.13"]

1. Nf3 Nf6 2. g3 g6 3. Bg2 Bg7 4. d4 d5 5. O-O O-O 6. c4 c6 7. b3 Re8 8. Bb2
Nbd7 9. Nbd2 dxc4 10. bxc4 e5 11. e3 exd4 12. exd4 Nf8 13. Qb3 Bf5 14. Ne5 N6d7
15. Nxd7 Qxd7 16. Nf3 Bh3 17. Rad1 Bxg2 18. Kxg2 Ne6 19. Rd2 Rad8 20. Rfd1 g5
21. d5 Nc5 22. Qc2 g4 23. Ng5 f5 24. Ne6 Nxe6 25. dxe6 Qe7 26. Rd7 Rxd7 27. Rxd7
Qxe6 28. Rxg7+ Kf8 29. Rxh7 1-0

[Event "8th Sunway Sitges 2021"]
[Site "Sitges ESP"]
[Date "2021.12.15"]
[Round "3.71"]
[White "Srijit, Paul"]
[Black "Nawin, J J"]
[Result "1-0"]
[WhiteTitle "IM"]
[WhiteElo "2340"]
[BlackElo "2109"]
[WhiteFideId "5094798"]
[BlackFideId "45031231"]
[EventDate "2021.12.13"]

1. e4 c5 2. Nf3 d6 3. d4 cxd4 4. Nxd4 Nf6 5. Nc3 a6 6. h3 e6 7. g4 d5 8. Nde2
Bb4 9. a3 Bxc3+ 10. Nxc3 O-O 11. Bg2 d4 12. Ne2 e5 13. O-O Nc6 14. c3 Be6 15.
cxd4 exd4 16. Bf4 Rc8 17. Rc1 d3 18. Ng3 Na5 19. Rxc8 Qxc8 20. Be5 Qc2 21. Bxf6
gxf6 22. Qf3 Qxb2 23. Qxd3 Rc8 24. Qe3 Qe5 25. Nh5 Qg5 26. Qb6 Nc4 27. Qxb7 a5
28. Rd1 Rf8 29. Qe7 1-0

[Event "8th Sunway Sitges 2021"]
[Site "Sitges ESP"]
[Date "2021.12.15"]
[Round "3.72"]
[White "Aniruddh, Chatterjee"]
[Black "Domingo Nunez, Alejandro"]
[Result "0-1"]
[BlackTitle "FM"]
[WhiteElo "2112"]
[BlackElo "2340"]
[WhiteFideId "35076060"]
[BlackFideId "22245561"]
[EventDate "2021.12.13"]

1. c4 c5 2. g3 Nc6 3. Bg2 g6 4. Nc3 Bg7 5. e4 a6 6. a4 d6 7. Nge2 h5 8. O-O h4
9. d3 hxg3 10. hxg3 Ne5 11. Rb1 e6 12. b4 g5 13. Be3 Qf6 14. f4 gxf4 15. Rxf4
Qg5 16. Qd2 Qe7 17. bxc5 dxc5 18. Rff1 Nh6 19. Bg5 Qd6 20. Rbd1 Nhg4 21. Bf4 Qd8
22. Bg5 Qd7 23. Qa2 Nc6 24. Nd5 exd5 25. exd5 Nd4 26. Rf4 f5 27. Re1 O-O 28.
Nxd4 Bxd4+ 29. Rxd4 cxd4 30. Re7 Qd6 31. c5 Qxg3 32. d6+ Kh8 33. Qb2 Qxd3 34.
Bf3 Be6 35. Bxg4 Qg3+ 36. Qg2 Qe1+ 37. Kh2 fxg4 38. d7 Rf2 39. Re8+ Kg7 40. Re7+
Kg8 41. Re8+ Kf7 42. Re7+ Kf8 0-1

[Event "8th Sunway Sitges 2021"]
[Site "Sitges ESP"]
[Date "2021.12.15"]
[Round "3.73"]
[White "Manish Anto, Cristiano F"]
[Black "Advait, Bagri"]
[Result "1-0"]
[WhiteTitle "IM"]
[BlackTitle "CM"]
[WhiteElo "2336"]
[BlackElo "2107"]
[WhiteFideId "25095927"]
[BlackFideId "5820391"]
[EventDate "2021.12.13"]

1. d4 d5 2. c4 c6 3. Nc3 Nf6 4. e3 a6 5. Nf3 Bf5 6. Qb3 Ra7 7. a4 e6 8. a5 Nbd7
9. Bd2 Bd6 10. Nh4 Be4 11. Nf3 O-O 12. Be2 Bg6 13. O-O Ne4 14. Nxe4 Bxe4 15. Bb4
Qe7 16. Bxd6 Qxd6 17. Nd2 Bg6 18. f4 Rc8 19. Rac1 Raa8 20. Rc3 Nf6 21. cxd5 cxd5
22. Rfc1 Qd7 23. Bf3 h6 24. Qb4 Bd3 25. Qb6 Ne4 26. Bxe4 dxe4 27. Nb3 Rxc3 28.
bxc3 Qb5 29. Nc5 Rc8 30. Qxb5 axb5 31. Nxb7 Kh7 32. Nc5 Kg6 33. Ra1 Kf5 34. a6
Ra8 35. a7 Bc2 36. Ra5 1-0

[Event "8th Sunway Sitges 2021"]
[Site "Sitges ESP"]
[Date "2021.12.15"]
[Round "3.74"]
[White "Bommini, Mounika Akshaya"]
[Black "Galiana Fernandez, Adrian"]
[Result "0-1"]
[WhiteTitle "WFM"]
[BlackTitle "FM"]
[WhiteElo "2107"]
[BlackElo "2333"]
[WhiteFideId "25019872"]
[BlackFideId "32010150"]
[EventDate "2021.12.13"]

1. e4 e5 2. Nc3 Nf6 3. f4 d5 4. fxe5 Nxe4 5. Qf3 Nc6 6. Nxe4 Nd4 7. Qc3 dxe4 8.
Ne2 Nc6 9. b3 Bf5 10. Ng3 Bb4 11. Qc4 Bg6 12. a3 Ba5 13. b4 Bb6 14. Bb2 e3 15.
d3 Qg5 16. Be2 O-O 17. d4 h5 18. Bf3 Qf4 19. Ne2 Qh4+ 20. g3 Nxe5 21. Qd5 Nxf3+
22. Qxf3 Qe4 23. O-O Qxc2 24. Bc1 Rae8 25. Bxe3 Qd3 26. Kf2 Be4 27. Qf4 Bc6 28.
Rfd1 Qh7 29. Nc3 Qc2+ 30. Bd2 Qd3 31. Be1 Bxd4+ 0-1

[Event "8th Sunway Sitges 2021"]
[Site "Sitges ESP"]
[Date "2021.12.15"]
[Round "3.75"]
[White "Barath, Kalyan M"]
[Black "Cadilhac, Igor Tokuichi Kikuchi"]
[Result "1-0"]
[BlackTitle "FM"]
[WhiteElo "2103"]
[BlackElo "2325"]
[WhiteFideId "25016555"]
[BlackFideId "2132150"]
[EventDate "2021.12.13"]

1. Nf3 d5 2. d4 Nf6 3. c4 e6 4. Nc3 a6 5. cxd5 exd5 6. Bg5 Be6 7. e3 Nbd7 8. Be2
h6 9. Bh4 Be7 10. O-O O-O 11. Qc2 Re8 12. Rac1 c6 13. Nd2 Rc8 14. f4 Ng4 15.
Bxe7 Qxe7 16. Bxg4 Bxg4 17. Rce1 g6 18. e4 dxe4 19. Ndxe4 Qb4 20. Qd2 Rcd8 21.
a3 Qf8 22. d5 Qg7 23. Nd6 Rxe1 24. Rxe1 cxd5 25. Nxb7 Rb8 26. Qxd5 Be6 27. Qe4
Nf6 28. Qc6 Ng4 29. Rd1 Qf6 30. h3 Ne3 31. Qc7 Rxb7 32. Qxb7 Nxd1 33. Qb8+ Kh7
34. Nxd1 Qd4+ 35. Nf2 Bd5 36. Qe5 Qc4 37. b4 Qc6 38. Ng4 Bxg2 39. Nf6+ Kh8 40.
Nd5+ f6 41. Nxf6 Bxh3 42. Ne8+ 1-0

[Event "8th Sunway Sitges 2021"]
[Site "Sitges ESP"]
[Date "2021.12.15"]
[Round "3.76"]
[White "Fataliyeva, Ulviyya"]
[Black "Vaibhav, Jayant Raut"]
[Result "1-0"]
[WhiteTitle "WGM"]
[WhiteElo "2324"]
[BlackElo "2097"]
[WhiteFideId "13403052"]
[BlackFideId "5089034"]
[EventDate "2021.12.13"]

1. d4 Nf6 2. c4 e6 3. Nf3 Bb4+ 4. Bd2 Qe7 5. Nc3 b6 6. g3 Bb7 7. Bg2 O-O 8. O-O
d6 9. Bg5 Bxc3 10. bxc3 Nbd7 11. Re1 h6 12. Bxf6 Nxf6 13. Nd2 Bxg2 14. Kxg2 e5
15. e4 Nd7 16. Nf1 f5 17. exf5 Rxf5 18. f4 Rf7 19. c5 bxc5 20. dxe5 dxe5 21. Qd5
Rb8 22. fxe5 Rb2+ 23. Kg1 Nb6 24. Qc6 Rff2 25. e6 Qf6 26. Ne3 Rfe2 27. Qe8+ Kh7
28. Qf7 Qxc3 29. Qf3 g6 30. Qf7+ Qg7 31. Ng4 Qxf7 32. exf7 Kg7 33. Rxe2 Rxe2 34.
Rf1 Nd7 35. Nf6 Ne5 36. Nh5+ Kf8 37. Nf4 1-0

[Event "8th Sunway Sitges 2021"]
[Site "Sitges ESP"]
[Date "2021.12.15"]
[Round "3.77"]
[White "Namitbir, Singh Walia"]
[Black "Macias Pino, Diego"]
[Result "1-0"]
[BlackTitle "FM"]
[WhiteElo "2093"]
[BlackElo "2324"]
[WhiteFideId "35071068"]
[BlackFideId "24529133"]
[EventDate "2021.12.13"]

1. e4 e5 2. Nf3 Nc6 3. Bb5 a6 4. Ba4 b5 5. Bb3 Na5 6. O-O d6 7. d4 exd4 8. Nxd4
Bb7 9. Bd2 c5 10. Bd5 Bxd5 11. exd5 Ne7 12. Qe1 Nc4 13. Nc6 Qd7 14. Nc3 Nb6 15.
Bf4 f5 16. a4 b4 17. a5 Nxd5 18. Nxd5 Qxc6 19. Nb6 Rd8 20. Qe2 Qe4 21. Qxa6 Qxf4
22. Qb5+ Kf7 23. a6 g6 24. a7 Bg7 25. a8=Q Rxa8 26. Rxa8 Bxb2 27. Rxh8 Bxh8 28.
Qd7 Qe5 29. Nc4 Qe6 30. Nxd6+ Kf6 31. Qd8 Kg7 32. Nb7 Qe5 33. Nd6 Qe6 34. Ra1
Kh6 35. Qxh8 Qxd6 36. Qf8+ Kh5 37. Re1 Nc8 38. Qxc8 Qd2 39. Qe6 Qxc2 40. Qe2+
Qxe2 41. Rxe2 b3 42. Rb2 c4 43. Kf1 1-0

[Event "8th Sunway Sitges 2021"]
[Site "Sitges ESP"]
[Date "2021.12.15"]
[Round "3.78"]
[White "Ruperez, Miguel"]
[Black "Kapitanchuk, Tomas"]
[Result "1/2-1/2"]
[WhiteTitle "CM"]
[BlackTitle "FM"]
[WhiteElo "2092"]
[BlackElo "2323"]
[WhiteFideId "115177"]
[BlackFideId "135046"]
[EventDate "2021.12.13"]

1. d4 Nf6 2. c4 e6 3. Nf3 Bb4+ 4. Nbd2 a5 5. a3 Bxd2+ 6. Bxd2 a4 7. Qc2 d6 8. e4
e5 9. dxe5 dxe5 10. Nxe5 Qd4 11. Nf3 Qxe4+ 12. Qxe4+ Nxe4 13. Be3 Na6 14. Nd4
O-O 15. Bd3 Nac5 16. Bc2 Bd7 17. Rc1 Nd6 18. O-O Rfe8 19. Rfd1 Bg4 20. Re1 Nxc4
21. Bxh7+ Kxh7 22. Rxc4 Nd3 23. Rb1 f5 24. Rxc7 Red8 25. Nc2 Rac8 26. Rxc8 Rxc8
27. Ne1 Nxe1 28. Rxe1 Rc7 29. f3 Bh5 30. Bd4 Bf7 31. Kf2 Rc2+ 32. Kg3 g5 33. f4
gxf4+ 34. Kxf4 Kg6 35. Re7 Rxg2 36. Rxb7 Rg4+ 37. Ke3 f4+ 38. Kf3 Bd5+ 39. Kxg4
Bxb7 40. Kxf4 Bd5 41. b4 axb3 42. a4 Kh5 43. Bf6 Kg6 44. Bb2 Kh5 45. Ke3 Kg4 46.
Kd3 Kh3 47. Be5 b2 1/2-1/2

[Event "8th Sunway Sitges 2021"]
[Site "Sitges ESP"]
[Date "2021.12.15"]
[Round "3.79"]
[White "Shivika, Rohilla"]
[Black "Nandhidhaa, P V"]
[Result "0-1"]
[BlackTitle "WGM"]
[WhiteElo "2092"]
[BlackElo "2313"]
[WhiteFideId "45015414"]
[BlackFideId "5050847"]
[EventDate "2021.12.13"]

1. d4 Nf6 2. c4 e6 3. Nf3 d5 4. g3 Bb4+ 5. Bd2 Be7 6. Bg2 Ne4 7. O-O c6 8. Qc2
Nd7 9. Nc3 f5 10. b3 O-O 11. Ne1 Ndf6 12. e3 Qe8 13. Nd3 Qh5 14. f3 Nxd2 15.
Qxd2 Qh6 16. Rad1 Rd8 17. Ne5 a5 18. c5 Nd7 19. Nxd7 Bxd7 20. Qe2 Be8 21. e4
dxe4 22. fxe4 Rxd4 23. Rxd4 Bxc5 24. Qc4 Qe3+ 25. Kh1 Qxd4 26. Qxe6+ Bf7 27.
Qxf5 Rf8 28. Ne2 Qe3 29. Rf3 Qxe2 30. Qxc5 Rd8 31. Qf5 Bh5 32. Qe6+ Kh8 33. Rf1
Bf3 0-1

[Event "8th Sunway Sitges 2021"]
[Site "Sitges ESP"]
[Date "2021.12.15"]
[Round "3.80"]
[White "Wong, Jianwen"]
[Black "Perkampus, Laurin"]
[Result "1/2-1/2"]
[WhiteTitle "FM"]
[WhiteElo "2313"]
[BlackElo "2081"]
[WhiteFideId "5704715"]
[BlackFideId "16232283"]
[EventDate "2021.12.13"]

1. d4 Nf6 2. Bg5 Ne4 3. Bf4 d5 4. e3 e6 5. Bd3 Bd6 6. Bxe4 Bxf4 7. exf4 dxe4 8.
Nc3 Nc6 9. Nge2 f5 10. Qd2 Ne7 11. Nd1 b6 12. Ne3 Ba6 13. c4 Qd6 14. Qc3 O-O 15.
O-O Rad8 16. Rfd1 c6 17. a4 Qc7 18. a5 b5 19. Rac1 bxc4 20. Nxc4 Bxc4 21. Qxc4
Qxa5 22. Qxe6+ Rf7 23. Rxc6 Nxc6 24. Qxc6 Rf6 25. Qc4+ Qd5 26. Qa4 Qd7 27. Qa2+
Kf8 28. d5 Rd6 29. Nc3 Qb7 30. Qc4 Rc8 31. Qd4 Qxb2 32. Qe5 Rf6 33. d6 Qxc3 34.
d7 Qc6 35. dxc8=Q+ Qxc8 36. h3 Kf7 1/2-1/2

[Event "8th Sunway Sitges 2021"]
[Site "Sitges ESP"]
[Date "2021.12.15"]
[Round "3.81"]
[White "Boixader Arbo, Xavier"]
[Black "Mohamed, Anees M"]
[Result "1/2-1/2"]
[BlackTitle "FM"]
[WhiteElo "2057"]
[BlackElo "2312"]
[WhiteFideId "32067305"]
[BlackFideId "35065815"]
[EventDate "2021.12.13"]

1. e4 c5 2. Nf3 Nc6 3. Bb5 g6 4. O-O Bg7 5. Re1 e5 6. c3 Nge7 7. a4 O-O 8. d3 d6
9. Nbd2 a6 10. Bc4 Rb8 11. Nf1 b5 12. Bb3 h6 13. Ne3 g5 14. g4 b4 15. Nd2 Ng6
16. Ndf1 Nf4 17. Ng3 bxc3 18. bxc3 Ne7 19. Nef5 Neg6 20. Be3 Nh4 21. Rb1 Be6 22.
Bc2 Rxb1 23. Bxb1 Qa5 24. Bd2 Bb3 25. Qxb3 Nf3+ 26. Kh1 Nxd2 27. Qc2 Nf3 28. Rd1
Qc7 29. Ba2 Rb8 30. Rb1 Bf8 31. Qd1 Rxb1 32. Qxb1 Qa7 33. Qd1 Qb6 34. Nh5 Qb2
35. Nxf4 Qxf2 36. Bxf7+ Kxf7 37. Qb3+ Ke8 38. Qb8+ Kf7 39. Qb3+ Ke8 40. Qb8+ Kf7
41. Qb3+ Ke8 1/2-1/2

[Event "8th Sunway Sitges 2021"]
[Site "Sitges ESP"]
[Date "2021.12.15"]
[Round "3.82"]
[White "Serrano Aspa, Xavier"]
[Black "Van Dael, Siem"]
[Result "0-1"]
[BlackTitle "FM"]
[WhiteElo "2052"]
[BlackElo "2300"]
[WhiteFideId "2219077"]
[BlackFideId "1049771"]
[EventDate "2021.12.13"]

1. d4 Nf6 2. Bf4 d6 3. Nc3 g6 4. e4 Bg7 5. h4 h5 6. Qd2 c6 7. O-O-O b5 8. f3 b4
9. Na4 Qa5 10. b3 Nbd7 11. Kb1 Nb6 12. Nb2 Nfd7 13. Be3 O-O 14. Bh6 Bh8 15. g4
Nf6 16. Nc4 Nxc4 17. Bxc4 hxg4 18. e5 dxe5 19. h5 gxf3 20. hxg6 Ne4 21. Bxf8
Nxd2+ 22. Rxd2 Be6 23. Rdh2 Bg7 24. Bxg7 Kxg7 25. Rh7+ Kf6 26. Nxf3 Bxc4 27.
dxe5+ Kf5 28. gxf7 Bd5 0-1

[Event "8th Sunway Sitges 2021"]
[Site "Sitges ESP"]
[Date "2021.12.15"]
[Round "3.83"]
[White "Ortega Serra, Marc"]
[Black "Karadzhov, Ivan"]
[Result "1-0"]
[WhiteElo "2292"]
[BlackElo "2019"]
[WhiteFideId "2293137"]
[BlackFideId "2922568"]
[EventDate "2021.12.13"]

1. d4 d5 2. c4 c6 3. cxd5 cxd5 4. Bf4 Nc6 5. e3 Nf6 6. Nc3 a6 7. Bd3 Bg4 8. f3
Bd7 9. g4 e6 10. Nge2 Be7 11. Kf2 g5 12. Bg3 h5 13. h3 b5 14. Rc1 h4 15. Bh2 Qa5
16. a3 Bd8 17. Bd6 Bc7 18. Bc5 Bb8 19. b4 Qd8 20. e4 Ba7 21. exd5 exd5 22. Qd2
Bxc5 23. dxc5 Be6 24. Rce1 Kf8 25. Bb1 Ng8 26. Nd4 Nxd4 27. Qxd4 Qf6 28. Rd1
Qxd4+ 29. Rxd4 Ne7 30. Rd2 Kg7 31. Rhd1 a5 32. Ba2 axb4 33. axb4 d4 34. Bxe6
dxc3 35. Rd7 fxe6 36. Rxe7+ Kf6 37. Red7 Ra4 38. R7d4 Rc8 39. Ke3 c2 40. Rc1
Ra3+ 41. Rd3 Rxd3+ 42. Kxd3 Ke5 43. Ke3 Kd5 44. Rxc2 Rc7 45. Rd2+ Ke5 46. Rd3
Rc6 47. Rc3 Kd5 48. Rc1 Ra6 49. c6 Ra3+ 50. Ke2 Ra2+ 51. Ke1 Ra8 52. c7 Rc8 53.
Ke2 Kd6 54. Ke3 Rxc7 55. Rxc7 Kxc7 56. f4 gxf4+ 57. Kxf4 Kd6 58. Kg5 Ke5 59. Kh6
Kf4 60. g5 Kg3 61. g6 Kxh3 62. g7 Kh2 63. g8=Q h3 64. Qc8 Kg2 65. Qc2+ Kg1 66.
Qg6+ Kh2 67. Kg5 1-0

[Event "8th Sunway Sitges 2021"]
[Site "Sitges ESP"]
[Date "2021.12.16"]
[Round "4.1"]
[White "Muradli, Mahammad"]
[Black "Korobov, Anton"]
[Result "1/2-1/2"]
[WhiteTitle "IM"]
[BlackTitle "GM"]
[WhiteElo "2503"]
[BlackElo "2699"]
[WhiteFideId "13409301"]
[BlackFideId "14105730"]
[EventDate "2021.12.13"]

1. d4 Nf6 2. c4 e6 3. Nf3 d5 4. Nc3 c6 5. g3 dxc4 6. Ne5 Nbd7 7. Nxc4 b5 8. Ne5
Nxe5 9. dxe5 Qxd1+ 10. Kxd1 Nd5 11. Bd2 Nxc3+ 12. Bxc3 Bb7 13. Kc2 c5 14. f3 c4
15. a4 b4 16. Bd4 a5 17. e4 Rc8 18. Be2 Bc5 19. Rad1 Bc6 20. Bxc4 Bxa4+ 21. b3
Bd7 22. Rd2 Ke7 23. Rhd1 Bxd4 24. Rxd4 Rc7 25. Kb2 Rhc8 26. Ba6 Ra8 27. Bc4 Raa7
28. f4 Rc5 29. Rd6 Rb7 30. R1d4 a4 31. bxa4 Bxa4 32. Ra6 Rbc7 33. Rxa4 1/2-1/2